000 01369cam a22003494a 4500
001 11767944
003 ARRUPE
005 20211004122229.0
008 990720s2000 njuab b 001 0 eng
010 _a 99041736
020 _a0691010277 (cloth : alk. paper)
020 _a0691010285 (pbk. : alk. paper)
035 _a(DLC) 99041736
040 _aDLC
_cDLC
_dDLC
042 _apcc
043 _af------
050 0 0 _aJQ1875
_b.H47 2000
082 0 0 _a303.3/096
_221
100 1 _aHerbst, Jeffrey Ira.
_950247
245 1 0 _aStates and power in Africa :
_bcomparative lessons in authority and control /
_cJeffrey Herbst.
260 _aPrinceton, N.J. :
_bPrinceton University Press,
_cc2000.
300 _ax, 280 p. :
_bill. ;
_c24 cm.
440 0 _aPrinceton studies in international history and politics
_950248
504 _aIncludes bibliographical references and index.
650 0 _aPower (Social sciences)
_zAfrica.
_96383
651 0 _aAfrica
_xPolitics and government.
856 4 1 _3Table of contents
_uhttp://www.loc.gov/catdir/toc/prin032/99041736.html
856 4 2 _3Publisher description
_uhttp://www.loc.gov/catdir/description/prin021/99041736.html
906 _a7
_bcbc
_corignew
_d1
_eocip
_f19
_gy-gencatlg
942 _2lcc
_cMONOGRAPH
999 _c130664
_d130664